00679nam a2200169 a 450000100100000000500170001000800410002704000250006808200130009310000310010624500940013726000570023130000210028850000790030953300940038870000270048200002703520200930030548.0110329s1991 sp 000 0 spa d aDO-SdBNPbspacBNPHU axxxbxxx1 aVega, Lópe ded1562-163510aComedias autógrafas de Lope de Vega /cLopez de Vega ; prólogo Alonso Zamora Vicente. aMalaga, España :bReal Academia Española,c1991. a432 p. ;c32 cm. aHomenaje del Excmo. Ayuntamiento de Málaga a la Real Academia Española a3 comedias atutógrafas de Lope de VegabEspañacExcmo. Ayuntamiento de Málagad19911 aZamora Vicente, Alonso